| 000 | 00412nam a22001577a 4500 | ||
|---|---|---|---|
| 005 | 20251108164244.0 | ||
| 008 | 250721s1994 xx 000 0 ara d | ||
| 082 | 1 | 4 | _a920/ياس |
| 100 | 1 | _aيحيى، ياسين محمد | |
| 245 | 1 | 0 | _aصور من حياتي / |
| 264 | 1 |
_aالقاهرة : _bمكتبة مصر، _c1994. |
|
| 300 | _a271 ص | ||
| 650 | 1 | 7 | _aالتراجم |
| 942 |
_2ddc _cBK |
||
| 999 |
_c7591 _d7591 |
||